Και μετά τη φωτιά τι;... : αναγέννηση της φυσικής βλάστησης και εδαφικές ιδιότητες στη δασική περιοχή της Χαραμίδας στο νησί της Λέσβου : πτυχιακή εργασία
Αποθηκεύτηκε σε:
| Κύριος συγγραφέας: | |
|---|---|
| Συγγραφή απο Οργανισμό/Αρχή: | |
| Άλλοι συγγραφείς: | , |
| Μορφή: | Thesis Βιβλίο |
| Γλώσσα: | Greek |
| Δημοσίευση: |
2013
|
| Θέματα: | |
| Διαθέσιμο Online: | http://hdl.handle.net/11610/10391 |
| Ετικέτες: |
Προσθήκη ετικέτας
Δεν υπάρχουν, Καταχωρήστε ετικέτα πρώτοι!
|
MARC
| LEADER | 00000cam a2200000 i 4500 | ||
|---|---|---|---|
| 001 | 1/54416 | ||
| 008 | 140901s2013 gre d | ||
| 035 | |l 10118838 | ||
| 040 | |a GR-MY-UA |b gre |e aacr | ||
| 041 | 0 | |a gre | |
| 082 | 0 | |a 577 |2 (22) | |
| 100 | 1 | |a Βαζαίου-Νίκλες, Ελπίδα. | |
| 245 | 1 | 0 | |a Και μετά τη φωτιά τι;... : |b αναγέννηση της φυσικής βλάστησης και εδαφικές ιδιότητες στη δασική περιοχή της Χαραμίδας στο νησί της Λέσβου : πτυχιακή εργασία / |c Βαζαίου-Νίκλες Ελπίδα, Γιεμελιάνοβα Αλεξάνδρα ; επιβλέπων καθηγητής: Δημητρακόπουλος Παναγιώτης, συνεπιβλέπουσα: Δούμα Κατερίνα |
| 260 | |c 2013 | ||
| 300 | |a 141 σ.; |b πίν.; |c 30 εκ. | ||
| 502 | |a Πτυχιακή εργασία – Πανεπιστήμιο Αιγαίου, Λέσβος, 2013. | ||
| 504 | |a Βιβλιογραφία: σ. 133-139, παράρτημα | ||
| 650 | 0 | 0 | |a Forest fires |z Greece |z Lesbos (Municipality) |
| 650 | 0 | 0 | |a Forest regeneration |z Greece |z Lesbos (Municipality) |
| 650 | 0 | |a Fire ecology |z Greece |z Lesbos (Municipality) | |
| 650 | 0 | 0 | |a Forest fires |x Research. |
| 650 | 0 | 0 | |a Dissertations, Academic |z Greece. |
| 700 | 1 | |a Γιεμελιάνοβα, Αλεξάνδρα. | |
| 700 | 1 | |a Δούμα, Κατερίνα, |e dgsf | |
| 700 | 1 | |a Δημητρακόπουλος, Παναγιώτης Γ. |e dgs | |
| 710 | 2 | |a Πανεπιστήμιο Αιγαίου. |b Σχολή Περιβάλλοντος. |b Τμήμα Περιβάλλοντος. | |
| 852 | |a INST |b LESVOS |c DIATR |e 20140901 |h 1525 |p 005100055436 |q 005100055436 |t DIE |y 23 | ||
| 852 | |a INST |b LESVOS |c DIATR |e 20140901 |h 1526 |p 005100055437 |q 005100055437 |t DIE |y 23 | ||
| 856 | |u http://hdl.handle.net/11610/10391 | ||
| 901 | |a BIBL1-2014-3 | ||
| 909 | |a Λ |b 190429 | ||
| 909 | |a Λ |b 190428 | ||
| 924 | |a ΒΑΖΑΙΟΥ-ΝΙΚΛΕΣ |b ΕΛΠΙΔΑ |y ΛΕΣΒΟΣ |z 2013-01 | ||
| 970 | |a ΤΖΑΦΕΡΗ |b ΕΥΑΓΓΕΛΙΑ |z 2014/09/01 | ||